Olympia 1896 (erste Austragung): Alle Disziplinen - Statistiken

Allgemein
  • Dieses Quiz wurde 151 mal gespielt
  • Das Durchschnittsergebnis liegt bei 5 aus 9
Antwortstatistiken
Disziplin % Korrekt
Leichtathletik
98%
Schwimmen
85%
Ringen
71%
Turnen
67%
Fechten
53%
Schießen
51%
Tennis
43%
Gewichtheben
35%
Radsport
24%
Keine übereinstimmenden Quizze gefunden
Verteilung der Resultate
Anzahl Personen mit jedem Resultat
Perzentil nach korrekt beantworteten Fragen
Ihre Resultats-Entwicklung
Sie haben dieses Quiz noch nicht gespielt